Melissa O´neil - Alive Lyrics - Statistics

General Stats
  • This quiz has been taken 6 times
  • The average score is 227 of 244
Answer Stats
Answer % Correct
a
100%
alive
100%
always
100%
an
100%
and
100%
around
100%
at
100%
be
100%
believe
100%
burn
100%
city
100%
crash
100%
days
100%
reckless
100%
stuck
100%
down
100%
dreaming
100%
emotion
100%
even
100%
eyes
100%
face
100%
feel
100%
feet
100%
find
100%
for
100%
girl
100%
gonna
100%
happen
100%
hey
100%
i
100%
if
100%
im
100%
imagine
100%
in
100%
is
100%
it
100%
its
100%
just
100%
know
100%
least
100%
lights
100%
like
100%
longer
100%
love
100%
many
100%
my
100%
no
100%
ocean
100%
of
100%
on
100%
only
100%
open
100%
out
100%
reckless
100%
run
100%
size
100%
sleeping
100%
something
100%
sun
100%
the
100%
tired
100%
to
100%
too
100%
turning
100%
waiting
100%
walking
100%
want
100%
what
100%
with
100%
words
100%
world
100%
yeah
100%
blaze
50%
but
50%
can
50%
finally
50%
fire
50%
getting
50%
growing
50%
heart
50%
how
50%
ill
50%
learning
50%
maybe
50%
me
50%
myself
50%
oh
50%
or
50%
ready
50%
right
50%
rips
50%
say
50%
story
50%
tell
50%
thats
50%
they
50%
think
50%
til
50%
two
50%
will
50%
someobody
0%
No matching quizzes found
Score Distribution
Percent of People with Each Score
Percentile by Number Answered
Your Score History
You have not taken this quiz